| 000 | 00000nam##2200000za#4500 |
| 001 | 9.644135 |
| 003 | CaOODSP |
| 005 | 20210624224514 |
| 007 | cr ||||||||||| |
| 008 | 150407|2015||||xxc|||||o f|0| 0 fre|d |
| 020 | |a978-0-660-23157-0 |
| 040 | |aCaOODSP|bfre |
| 043 | |an-cn--- |
| 086 | 1 |aM34-22/2015F-PDF |
| 110 | 1 |aCanada. |bRessources naturelles Canada. |
| 245 | 10|aAide-mémoire à l'intention des entreprises d'exploration et d'exploitation minières canadiennes oeuvrant à l'étranger au sujet de la responsabilité sociale des entreprises (RSE) |h[ressource électronique] |
| 260 | |aOttawa - Ontario : |bRessources naturelles Canada |cc2015. |
| 300 | |a71p.|bfigures, graphiques, cartes, tableaux, photographies |
| 590 | |a15-13|b2015-03-27 |
| 691 | 07|aDéveloppement du commerce international|2gcpds |
| 691 | 07|aIndustrie minière|2gcpds |
| 775 | 08|tCorporate social responsibility CSR checklist for Canadian mining companies working abroad |w(CaOODSP)9.700241 |
| 776 | 0#|tAide-mémoire à l'intention des entreprises d'exploration et d'exploitation minières canadiennes oeuvrant à l'étranger au sujet de la responsabilité sociale des entreprises (RSE).|w(CaOODSP)9.678167 |
| 856 | 40|ahttp://publications.gc.ca|qPDF|s6.75 Mo|uhttps://publications.gc.ca/collections/collection_2015/rncan-nrcan/M34-22-2015-fra.pdf |